| Tag |
First Indicator |
Second Indicator |
Subfields |
| LEADER |
00000uam a2200000 a 4500 |
| 001 |
in00004256708 |
| 005 |
20260123212957.6 |
| 006 |
m o d |
| 007 |
cr cn |
| 008 |
160114s2014 xx o eng |
| 020 |
|
|
|z 9781449363758
|
| 035 |
|
|
|a (CaSebORM)9781449363741
|
| 040 |
|
|
|d UtOrBLW
|
| 041 |
0 |
|
|a eng
|
| 100 |
1 |
|
|a Sklar, David,
|e author.
|0 http://id.loc.gov/authorities/names/n2016030579
|
| 245 |
1 |
0 |
|a PHP Cookbook, 3rd Edition /
|c Sklar, David.
|
| 250 |
|
|
|a 3rd edition.
|
| 264 |
|
1 |
|b O'Reilly Media, Inc.,
|c 2014.
|
| 300 |
|
|
|a 1 online resource (820 pages)
|
| 336 |
|
|
|a text
|b txt
|2 rdacontent
|
| 337 |
|
|
|a computer
|b c
|2 rdamedia
|
| 338 |
|
|
|a online resource
|b cr
|2 rdacarrier
|
| 347 |
|
|
|a text file
|
| 520 |
|
|
|a Want to understand a certain PHP programming technique? Or learn how to accomplish a particular task? This cookbook is the first place to look. With more than 350 code-rich recipes revised for PHP 5.4 and 5.5, this third edition provides updated solutions for generating dynamic web content-everything from using basic data types to querying databases, and from calling RESTful APIs to testing and securing your site.
|
| 533 |
|
|
|a Electronic reproduction.
|b Boston, MA :
|c Safari,
|n Available via World Wide Web.
|
| 538 |
|
|
|a Mode of access: World Wide Web.
|
| 542 |
|
|
|f Copyright © O'Reilly Media, Inc.
|
| 588 |
|
|
|a Online resource; Title from title page (viewed July 15, 2014)
|
| 500 |
|
|
|a Electronic resource.
|
| 655 |
|
7 |
|a Electronic books.
|2 local
|
| 700 |
1 |
|
|a Trachtenberg, Adam,
|e author.
|0 http://id.loc.gov/authorities/names/no2003012118
|
| 710 |
2 |
|
|a Safari, an O'Reilly Media Company.
|
| 856 |
4 |
0 |
|u https://proxy.library.tamu.edu/login?url=https://go.oreilly.com/TAMU/library/view/-/9781449363741/?ar
|z Connect to this electronic resource
|t 0
|
| 999 |
f |
f |
|s 4d2acb35-c4d2-3621-a003-e3eb5058f2f2
|i 6a8e8281-d381-3a81-9ad6-06a24208b61b
|t 0
|
| 952 |
f |
f |
|a Texas A&M University
|b College Station
|c Electronic Resources
|s www_evans
|d Available Online
|t 0
|h No information provided
|
| 998 |
f |
f |
|t 0
|l Available Online
|